100 Biggest Cities of Israel on a Map - Statistics

General Stats
  • This quiz has been taken 249 times
    238 since last reset
  • The average score is 24 of 100
Answers on the Map
Answers color-coded by a green-red scale on the quiz's map according to % correct below.
 
Answer Stats
Population City % Correct
966,210 Jerusalem
96%
467,875 Tel Aviv-Yafo
96%
282,832 Haifa
92%
211,251 Be'er Sheva
75%
52,753 Eilat
74%
225,975 Ashdod
66%
77,925 Nazareth
63%
149,160 Ashkelon
61%
224,066 Netanya
60%
257,128 Rishon LeZion
52%
252,270 Petah Tikva
51%
49,614 Acre
48%
197,464 Holon
43%
169,706 Ramat Gan
42%
46,698 Tiberias
42%
82,629 Lod
41%
103,318 Herzliya
40%
212,395 Bnei Brak
39%
30,553 Sederot
38%
77,798 Ramla
36%
147,878 Rehovot
36%
35,892 Dimona
34%
22,336 Kiryat Shmona
34%
97,097 Modi'in-Maccabim-Reut
34%
126,290 Bat Yam
33%
141,764 Beit Shemesh
32%
60,806 Nahariya
32%
78,562 Ra'anana
31%
100,631 Hadera
30%
101,801 Kfar Saba
30%
37,472 Zefat
30%
59,075 Afula
29%
60,582 Kiryat Gat
29%
27,582 Arad
28%
33,999 Ofakim
27%
42,039 Netivot
25%
76,237 Rahat
25%
65,363 Hod HaSharon
24%
18,900 Bet She'an
22%
61,281 Giv'atayim
22%
46,311 Karmi'el
22%
60,102 Kiryat Ata
22%
50,456 Ness Ziona
22%
47,970 Ramat HaSharon
21%
27,392 Tire
20%
53,595 Yavne
20%
23,760 Nesher
19%
71,651 Rosh HaAyin
19%
43,267 Kiryat Bialik
18%
36,815 Or Yehuda
18%
41,900 Kiryat Ono
17%
39,441 Kiryat Yam
17%
57,677 Umm al-Fahm
17%
24,251 Gan Yavne
14%
30,392 Gedera
14%
28,162 Giv'at Shemu'el
13%
46,565 Kiryat Motzkin
13%
21,441 Shoham
13%
35,405 Tamra
13%
30,619 Yehud
13%
49,593 El'ad
11%
27,898 Kfar Yona
11%
25,022 Kiryat Malakhi
11%
42,657 Nazerat Illit
11%
32,743 Sakhnin
11%
26,806 Tirat Carmel
11%
23,857 Zikhron Ya'akov
11%
29,852 Be'er Ya'akov
10%
22,694 Ganei Tikva
10%
22,315 Ma'alot-Tarshiha
10%
43,023 Shefar'am
10%
27,006 Harish
9%
18,519 Kiryat Tiv'on
9%
26,029 Migdal HaEmek
9%
45,388 Tayibe
9%
25,823 Ar'ara
8%
26,641 Arraba
8%
24,943 Mevaseret Zion
8%
23,624 Mughar
8%
19,902 Or Akiva
8%
22,187 Tel Sheva
8%
17,576 Yarka
8%
24,158 Yokneam Illit
8%
23,943 Hura
7%
30,973 Baqa al-Gharbiyye
6%
44,210 Pardes Hanna-Karkur
6%
16,075 Binyamina-Giv'at Ada
5%
19,691 Kafr Qara
5%
24,757 Kafr Qasim
5%
23,877 Qalansawe
5%
19,265 Reine
5%
19,682 Ar'arat an-Naqab
4%
18,061 Carmel City
4%
23,705 Kafr Kanna
4%
15,642 Ma'ale Iron
4%
22,920 Kadima-Tzoran
2%
21,073 Kafr Manda
2%
19,538 Yafi
2%
23,219 Kuseife
1%
21,507 Judeide-Maker
0%
No matching quizzes found
Score Distribution
Percent of People with Each Score
Percentile by Number Answered
Your Score History
You have not taken this quiz since the last reset